Košické Rádio Regina sa rozhodlo prísť k svojim poslucháčom osobne Zahrajú v Levoči i Kračúnovciach

Bibliographic Details
Main Author: Holinková, Valéria (Author)
Corporate Author: Rádio Regina (Košice, Slovensko) (Author)
Format: Article
Language:Slovak
Subjects:

MARC

LEADER 00000nab a2200000 a 4500
001 vtls000896862
003 SK-MaSNL
005 20260304032634.0
008 040720e19960919xo 0 slo
035 |a KE5886 
040 |a KEVKJB  |b slo  |c KEVKJB  |e AACR2 
041 0 |a slo 
044 |a xo  |c SK 
080 |a 7.096  |2 1981 
100 1 |a Holinková, Valéria  |4 aut  |9 878353 
245 1 0 |a Košické Rádio Regina sa rozhodlo prísť k svojim poslucháčom osobne  |b Zahrajú v Levoči i Kračúnovciach 
610 2 7 |a Rádio Regina (Košice, Slovensko)  |2 KEVKJB  |9 588320 
611 1 7 |a Košické rozhlasové dni  |2 KEVKJB  |9 886466 
650 0 7 |a rozhlasové vysielanie   |2 KEVKJB  |9 19400 
650 0 7 |a roč. 2.  |2 KEVKJB  |9 873393 
650 0 7 |a vysielanie regionálne  |2 KEVKJB  |9 886467 
651 7 |a Košice (Slovensko)  |2 KEVKJB  |9 18694 
651 7 |a KE,  |2 KEVKJB  |9 877256 
651 7 |a KE,  |2 KEVKJB  |9 877256 
655 7 |a periodikum  |2 snkbucl  |9 29553 
710 2 |a Rádio Regina (Košice, Slovensko)  |4 aut  |9 588320 
773 0 8 |t Korzo  |g Roč. 3, č.219, 19.9.1996, s. 5 
852 |a ZVYKNI  |b KIS3GCP 
999 |c 2644162  |d 2646092